<?xml version="1.0" encoding="UTF-8"?>
<record
    xmlns:xsi="http://www.w3.org/2001/XMLSchema-instance"
    xsi:schemaLocation="http://www.loc.gov/MARC21/slim http://www.loc.gov/standards/marcxml/schema/MARC21slim.xsd"
    xmlns="http://www.loc.gov/MARC21/slim">

  <leader>01007nam a22002537a 4500</leader>
  <controlfield tag="005">20100826122442.0</controlfield>
  <controlfield tag="008">090109t        xxu||||| |||| 00| 0urd d</controlfield>
  <datafield tag="010" ind1=" " ind2=" ">
    <subfield code="a">UR-8010</subfield>
  </datafield>
  <datafield tag="020" ind1=" " ind2=" ">
    <subfield code="c">150.00</subfield>
  </datafield>
  <datafield tag="035" ind1=" " ind2=" ">
    <subfield code="a">U-6565</subfield>
  </datafield>
  <datafield tag="037" ind1=" " ind2=" ">
    <subfield code="b">DBAD/PUB</subfield>
  </datafield>
  <datafield tag="040" ind1=" " ind2=" ">
    <subfield code="a">DPL</subfield>
    <subfield code="b">urdu</subfield>
  </datafield>
  <datafield tag="082" ind1=" " ind2=" ">
    <subfield code="a">270</subfield>
  </datafield>
  <datafield tag="100" ind1=" " ind2=" ">
    <subfield code="9">12785</subfield>
    <subfield code="a">&#x627; &#x628;&#x648; &#x633;&#x641;&#x6CC;&#x627; &#x646; &#x627; &#x635;&#x644;&#x627; &#x62D;&#x6CC; </subfield>
  </datafield>
  <datafield tag="245" ind1=" " ind2=" ">
    <subfield code="a">&#x645;&#x648; &#x644;&#x627; &#x646;&#x627; &#x639;&#x628;&#x62F; &#x627; &#x644;&#x633;&#x644;&#x627; &#x645;  &#x646;&#x62F; &#x648; &#x6CC; :</subfield>
    <subfield code="c">&#x627; &#x628;&#x648; &#x633;&#x641;&#x6CC;&#x627; &#x646; &#x627; &#x635;&#x644;&#x627; &#x62D;&#x6CC; </subfield>
    <subfield code="b">&#x645;&#x627; &#x6C1;&#x631; &#x642;&#x631; &#x622;&#x646;&#x6CC;&#x627; &#x62A; &#x648; &#x627; &#x62F; &#x628;&#x6CC;&#x627; &#x62A; /</subfield>
  </datafield>
  <datafield tag="246" ind1=" " ind2=" ">
    <subfield code="a">Maulana Abdus Salam Nadvi /</subfield>
    <subfield code="b">by Abu Sufyan Islahi</subfield>
  </datafield>
  <datafield tag="260" ind1=" " ind2=" ">
    <subfield code="a">&#x645;&#x628;&#x628;&#x626;</subfield>
    <subfield code="c">2008 &#x621;</subfield>
    <subfield code="b">&#x645;&#x648; &#x644;&#x627; &#x646;&#x627; &#x639;&#x628;&#x62F; &#x627; &#x644;&#x633;&#x644;&#x627;&#x645; &#x646;&#x62F; &#x648; &#x6CC; &#x641;&#x627; &#x624; &#x646;&#x688; &#x6CC;&#x634;&#x646; </subfield>
  </datafield>
  <datafield tag="270" ind1=" " ind2=" ">
    <subfield code="a"> 8, Ist Floor, Hindustan Building</subfield>
    <subfield code="b">Mumbai</subfield>
    <subfield code="e">400 004</subfield>
    <subfield code="k">022-23885757</subfield>
  </datafield>
  <datafield tag="300" ind1=" " ind2=" ">
    <subfield code="a">167 &#x635;</subfield>
    <subfield code="c">22 &#x633; &#x645; (Pb)</subfield>
  </datafield>
  <datafield tag="650" ind1=" " ind2=" ">
    <subfield code="9">12786</subfield>
  </datafield>
  <datafield tag="700" ind1=" " ind2=" ">
    <subfield code="9">54088</subfield>
  </datafield>
  <datafield tag="942" ind1=" " ind2=" ">
    <subfield code="2">ddc</subfield>
    <subfield code="c">UR</subfield>
    <subfield code="h">270</subfield>
    <subfield code="m">&#x627; &#x628; &#x648; </subfield>
  </datafield>
  <datafield tag="999" ind1=" " ind2=" ">
    <subfield code="c">71996</subfield>
    <subfield code="d">71996</subfield>
  </datafield>
  <datafield tag="952" ind1=" " ind2=" ">
    <subfield code="0">0</subfield>
    <subfield code="1">0</subfield>
    <subfield code="2">ddc</subfield>
    <subfield code="4">0</subfield>
    <subfield code="7">0</subfield>
    <subfield code="8">NFIC</subfield>
    <subfield code="a">DBAD</subfield>
    <subfield code="b">DBAD</subfield>
    <subfield code="d">2012-12-10</subfield>
    <subfield code="g">150.00</subfield>
    <subfield code="l">0</subfield>
    <subfield code="o">270 &#x627; &#x628; &#x648;</subfield>
    <subfield code="p">U-6565</subfield>
    <subfield code="r">2012-12-10 00:00:00</subfield>
    <subfield code="t">1</subfield>
    <subfield code="v">150.00</subfield>
    <subfield code="y">UR</subfield>
  </datafield>
</record>
